<?xml version="1.0" encoding="UTF-8"?>
<record
    xmlns:xsi="http://www.w3.org/2001/XMLSchema-instance"
    xsi:schemaLocation="http://www.loc.gov/MARC21/slim http://www.loc.gov/standards/marcxml/schema/MARC21slim.xsd"
    xmlns="http://www.loc.gov/MARC21/slim">

  <leader>00616nam a2200193   4500</leader>
  <datafield tag="010" ind1=" " ind2=" ">
    <subfield code="a">A-315219</subfield>
  </datafield>
  <datafield tag="035" ind1=" " ind2=" ">
    <subfield code="a">A-315219</subfield>
  </datafield>
  <datafield tag="037" ind1=" " ind2=" ">
    <subfield code="b">Cen Lib / Ret</subfield>
  </datafield>
  <datafield tag="040" ind1=" " ind2=" ">
    <subfield code="a">DPL</subfield>
    <subfield code="b">EN</subfield>
  </datafield>
  <datafield tag="082" ind1=" " ind2=" ">
    <subfield code="a">270.2</subfield>
    <subfield code="b">SAY</subfield>
  </datafield>
  <datafield tag="245" ind1=" " ind2=" ">
    <subfield code="a">Al-M&#x12B;z&#x101;n : </subfield>
    <subfield code="b">an exegesis of the Qur&#x2BC;&#x101;n /</subfield>
    <subfield code="c">translated by Sayyid Saeed Akhtar Rizvi </subfield>
  </datafield>
  <datafield tag="260" ind1=" " ind2=" ">
    <subfield code="a">Iran</subfield>
    <subfield code="b">World Organization for Islamic Services</subfield>
    <subfield code="c">1983</subfield>
  </datafield>
  <datafield tag="270" ind1=" " ind2=" ">
    <subfield code="a">P.O. Box no. 2245, Tehran </subfield>
    <subfield code="b">Iran</subfield>
  </datafield>
  <datafield tag="300" ind1=" " ind2=" ">
    <subfield code="a">(v 5. xi, 288p)</subfield>
    <subfield code="c">27cm(Hb)</subfield>
  </datafield>
  <datafield tag="650" ind1=" " ind2=" ">
    <subfield code="a">Qur&#x2BC;an -- Commentaries.</subfield>
  </datafield>
  <datafield tag="650" ind1=" " ind2=" ">
    <subfield code="a">Qur&#x2BC;an.</subfield>
  </datafield>
  <datafield tag="700" ind1=" " ind2=" ">
    <subfield code="a">Sayyid Saeed Akhtar Rizvi </subfield>
  </datafield>
  <datafield tag="942" ind1=" " ind2=" ">
    <subfield code="2">ddc</subfield>
    <subfield code="c">EN</subfield>
    <subfield code="h">270.2</subfield>
    <subfield code="m">SAY</subfield>
  </datafield>
  <datafield tag="999" ind1=" " ind2=" ">
    <subfield code="c">136960</subfield>
    <subfield code="d">136960</subfield>
  </datafield>
  <datafield tag="952" ind1=" " ind2=" ">
    <subfield code="0">0</subfield>
    <subfield code="1">0</subfield>
    <subfield code="3">v 5</subfield>
    <subfield code="4">0</subfield>
    <subfield code="7">0</subfield>
    <subfield code="a">L</subfield>
    <subfield code="b">L</subfield>
    <subfield code="d">2016-03-12</subfield>
    <subfield code="e">Cen Lib/Ret</subfield>
    <subfield code="l">0</subfield>
    <subfield code="o">270.2 SAY</subfield>
    <subfield code="p">A-315219</subfield>
    <subfield code="r">2016-03-12 00:00:00</subfield>
    <subfield code="t">1</subfield>
    <subfield code="w">2016-03-12</subfield>
    <subfield code="y">EN</subfield>
  </datafield>
</record>
